000 00963nam a2200325Mi 4500
001 57603
005 20230410124105.0
008 070202s2006 sp 000 0 spa d
035 _a(OCoLC)ocm85534881
040 _aPL#
_bspa
_cPL#
020 _a8496560252
020 _a9788496560253
029 0 _aPL#
_b060027918
035 _a(OCoLC)85534881
049 _aGRAL
050 1 4 _aM675m 2006
100 1 _aMarín Hita, Luis.
245 1 0 _aManual básico de la letra de cambio, el cheque y el pagaré /
_cLuis Marín Hita, Lourdes Moreno Liso.
250 _a2. ed.
260 _aBadajoz :
_bEditorial Abecedario,
_c2006.
300 _avii, 197 p. ;
_c24 cm.
440 0 _aSerie jurídica
504 _aBibliografía: p. 195.
653 _aDerecho mercantil
_aEspaäna
_aManual.
700 1 _aMoreno Liso, Lourdes,
_eaut.
938 _aPuvill Libros
_bPUVL
_n9788496560253
_c$31.34
942 _2lcc
_cbk
994 _aC0
_bDRFGD
945 _acsexposito
999 _c70808
_d70808